Ethics (Record no. 119989)
[ view plain ]
| 000 -LEADER | |
|---|---|
| fixed length control field | 00432nam a22001457a 4500 |
| 008 - FIXED-LENGTH DATA ELEMENTS--GENERAL INFORMATION | |
| fixed length control field | 140206b xxu||||| |||| 00| 0 eng d |
| 020 ## - INTERNATIONAL STANDARD BOOK NUMBER | |
| International Standard Book Number | 978-1-78168-018-6 |
| 050 ## - LIBRARY OF CONGRESS CALL NUMBER | |
| Classification number | BJ1402.B136 2012 |
| 100 ## - MAIN ENTRY--PERSONAL NAME | |
| Personal name | Badiou, Alain |
| 9 (RLIN) | 8361 |
| 245 ## - TITLE STATEMENT | |
| Title | Ethics |
| Remainder of title | an essay on the understanding of evil |
| Statement of responsibility, etc | Alain Badiou |
| 260 ## - PUBLICATION, DISTRIBUTION, ETC. (IMPRINT) | |
| Place of publication, distribution, etc | London |
| Name of publisher, distributor, etc | Verso |
| Date of publication, distribution, etc | 2012 |
| 300 ## - PHYSICAL DESCRIPTION | |
| Extent | lviii, 166p. ; |
| Dimensions | 20cm |
| 650 ## - SUBJECT ADDED ENTRY--TOPICAL TERM | |
| Topical term or geographic name as entry element | Good and Evil |
| 9 (RLIN) | 8362 |
| 942 ## - ADDED ENTRY ELEMENTS (KOHA) | |
| Source of classification or shelving scheme | Library of Congress Classification |
| Item type | Monograph ( Printed materials) |
| Koha issues (borrowed), all copies | 1 |
| Withdrawn status | Lost status | Source of classification or shelving scheme | Damaged status | Not for loan | Collection code | Home library | Current library | Shelving location | Date acquired | Total Checkouts | Full call number | Barcode | Date last seen | Date last borrowed | Price effective from | Koha item type |
|---|---|---|---|---|---|---|---|---|---|---|---|---|---|---|---|---|
| Library of Congress Classification | Main Collection | ARRUPE LIBRARY | ARRUPE LIBRARY | Main Collection | 06/02/2014 | 1 | BJ1402.B136 2012 | 46500000003 | 22/09/2016 | 13/04/2015 | 06/02/2014 | Monograph ( Printed materials) |